| 000 | 00844nac a22002291u 4500 | ||
|---|---|---|---|
| 008 | 101004t2001 xxu|||||r|||| 001 0 eng d | ||
| 010 | _a00062755 | ||
| 020 | _a0415250633 | ||
| 020 | _a9780415250634 | ||
| 020 | _a | ||
| 082 | 0 | 0 |
_a330.9405 _bALD _222 |
| 100 |
_aAldcroft, Derek Howard _920060 |
||
| 245 | 1 | 4 |
_aThe European Economy 1914-2000 / _cDerek H. Aldcroft |
| 250 | _a4th ed. | ||
| 260 |
_aLondon ; _aNew York : _bRoutledge, _c2001. |
||
| 300 |
_aix, 327 p. ; _c24 cm. |
||
| 504 | _aIncludes bibliographical references (p. 295-314) and index. | ||
| 651 | 0 |
_aEurope _xEconomic conditions _y20th century. _920061 |
|
| 856 | 4 | 1 | _uhttp://www.netLibrary.com/urlapi.asp?action=summary&v=1&bookid=69139 |
| 856 | 4 | 1 |
_3Publisher description _uhttp://www.loc.gov/catdir/enhancements/fy0650/00062755-d.html |
| 942 |
_cBB _k330.9405 ALD _2ddc |
||
| 999 |
_c1528 _d1528 |
||